000 00310nam a22001337a 4500
008 181029b xxu||||| |||| 00| 0 eng d
020 _a9780763755119
041 _aeng
080 _a616.12
100 _a7
101 _aKAR
245 _aCertified Respiratory Therapist Exam
_cScanlan,C.L
942 _2udc
_cBK
999 _c50967
_d50967